La ciencia y cómo se elabora

Uloženo v:
Podrobná bibliografie
Hlavní autor: Chalmers, Alan (Autor)
Médium: Kniha
Jazyk:španělština
Vydáno: Ciudad de México Siglo XXI 2006
Vydání:5a. ed
Edice:Teoría
Témata:
Tagy: Přidat tag
Žádné tagy, Buďte první, kdo vytvoří štítek k tomuto záznamu!

MARC

LEADER 00000nam a2200000 a 4500
001 UCH0573
003 CL-VaPUC
008 090320e20060000MX |||||||||||||||||spa|d
020 |a 9682320429 
082 0 4 |a 501  |b CHA  |2 21 
100 0 |a Chalmers, Alan  |e author  |9 534797 
245 1 3 |a La ciencia y cómo se elabora 
250 |a 5a. ed 
300 |a 181 p 
942 |c BK 
945 |d 20090320 00:00:00  |a rbrito 
260 |a Ciudad de México  |b Siglo XXI  |c 2006 
650 0 |a Filosofía de las ciencias  |9 256466 
650 0 |a Investigación científica  |9 259857 
583 |a last modification  |c 20140401 10:44:24  |k Rodrigo Vera 
490 0 |a Teoría 
999 |c 332856  |d 332854 
952 |0 0  |1 0  |4 0  |6 501_000000000000000_CHA_2006  |7 0  |8 A  |9 420881  |a BIBCUR  |b BIBCUR  |d 2019-11-22  |i 4521080  |l 2  |o 501 CHA 2006  |p 4521080  |r 2025-04-22  |s 2024-11-26  |w 2019-11-22  |y BK  |k BAC 
952 |0 0  |1 0  |4 0  |6 501_000000000000000_CHA_2006  |7 0  |8 A  |9 420882  |a BIBCUR  |b BIBCUR  |d 2019-11-22  |i 4521099  |o 501 CHA 2006  |p 4521099  |r 2025-04-22  |w 2019-11-22  |y BK  |k BAC 
952 |0 0  |1 0  |4 0  |6 501_000000000000000_CHA_2006  |7 0  |8 A  |9 420883  |a BIBCUR  |b BIBCUR  |d 2019-11-22  |i 4521102  |o 501 CHA 2006  |p 4521102  |r 2025-04-22  |w 2019-11-22  |y BK  |k BAC